Legal Aspects of Insurance (Record no. 989)
[ view plain ]
| 000 -LEADER | |
|---|---|
| Fixed length control field | 00457nam a2200169 4500 |
| 003 - CONTROL NUMBER IDENTIFIER | |
| Control field | SEACOMMC |
| 005 - DATE AND TIME OF LATEST TRANSACTION | |
| Control field | 20250430124458.0 |
| 008 - FIXED-LENGTH DATA ELEMENTS--GENERAL INFORMATION | |
| Fixed length control field | 250111b |||||||| |||| 00| 0 eng d |
| 020 ## - INTERNATIONAL STANDARD BOOK NUMBER / ISBN | |
| International Standard Book Number | 978-81-8318-518-9 |
| Price | Rs.150.00 |
| 040 ## - CATALOGING SOURCE | |
| Original cataloging agency | SEACOMMC |
| 082 ## - DEWEY DECIMAL CLASSIFICATION NUMBER | |
| Classification number | 368.32 |
| Book Number | G 977 |
| 100 ## - MAIN ENTRY--PERSONAL NAME | |
| Personal name | Gupta, P. K. |
| 245 1# - TITLE STATEMENT | |
| Title | Legal Aspects of Insurance |
| Statement of responsibility | P. K. Gupta |
| 260 ## - IMPRINT | |
| Place of publication | Mumbai |
| Name of publisher | Himalaya Publishing House |
| Date of publication | 2006 |
| 650 ## - SUBJECT ADDED ENTRY--TOPICAL TERM | |
| Topical term | Health Insurance |
| 942 ## - ADDED ENTRY ELEMENTS (KOHA) | |
| Koha item type | Books |
| Withdrawn status | Lost status | Source of classification | Damaged status | Not for loan | Home library | Current library | Shelving location | Date acquired | Total Checkouts | Call number | Accession number | Date last seen | Price effective from | Koha item type | Copy number |
|---|---|---|---|---|---|---|---|---|---|---|---|---|---|---|---|
| Dewey Decimal Classification | SEACOM MANAGEMENT COLLEGE | SEACOM MANAGEMENT COLLEGE | Reference | 27/12/2007 | 368.32 G 977 | M-1615 | 11/01/2025 | 11/01/2025 | Books | ||||||
| Dewey Decimal Classification | SEACOM MANAGEMENT COLLEGE | SEACOM MANAGEMENT COLLEGE | 27/12/2007 | 368.32 G 977 | M-1616 | 11/01/2025 | 11/01/2025 | Books | 1 | ||||||
| Dewey Decimal Classification | SEACOM MANAGEMENT COLLEGE | SEACOM MANAGEMENT COLLEGE | 27/12/2007 | 368.32 G 977 | M-1617 | 11/01/2025 | 11/01/2025 | Books | 2 | ||||||
| Dewey Decimal Classification | SEACOM MANAGEMENT COLLEGE | SEACOM MANAGEMENT COLLEGE | 27/12/2007 | 368.32 G 977 | M-1618 | 11/01/2025 | 11/01/2025 | Books | 3 | ||||||
| Dewey Decimal Classification | SEACOM MANAGEMENT COLLEGE | SEACOM MANAGEMENT COLLEGE | 27/12/2007 | 368.32 G 977 | M-1619 | 11/01/2025 | 11/01/2025 | Books | 4 |
